Το νομικό και πολιτικό καθεστώς των Σκοπίων
Αποθηκεύτηκε σε:
| Κύριος συγγραφέας: | |
|---|---|
| Μορφή: | Βιβλίο |
| Γλώσσα: | Greek |
| Δημοσίευση: |
Αθήνα :
Ι. Σιδέρης,
1994.
|
| Θέματα: | |
| Ετικέτες: |
Προσθήκη ετικέτας
Δεν υπάρχουν, Καταχωρήστε ετικέτα πρώτοι!
|
MARC
| LEADER | 00000cam a2200000 i 4500 | ||
|---|---|---|---|
| 001 | 1/98226 | ||
| 008 | 950308s gr | ||| |||| ||gre|| | ||
| 020 | |a 9600800332 | ||
| 035 | |l 10010858 | ||
| 040 | |a GR-MyUa |b gre |e AACR2 | ||
| 041 | 0 | |a gre | |
| 082 | 7 | |a 342.4976 |2 (22) | |
| 100 | 1 | |a Τζώνος, Θεόδωρος Χαρ. | |
| 245 | 1 | 3 | |a Το νομικό και πολιτικό καθεστώς των Σκοπίων / |c Θεόδωρος Χ. Τζώνος. |
| 260 | |a Αθήνα : |b Ι. Σιδέρης, |c 1994. | ||
| 300 | |a 150 σ. ; |c 22 εκ. | ||
| 650 | 0 | |a Constitutional law |z North Macedonia. | |
| 852 | |a INST |b LESVOS |e 19950308 |h 342.4976 ΤΖΩ |p 005100002543 |q 005100002543 |t BK |y 0 | ||